Loading...
Cambridge companion to Kierkegaard
| Format: | Printed Book |
|---|---|
| Published: |
Cambridge
CUP
1998
|
| Subjects: |
| LEADER | 00509cam a2200169ua 4500 | ||
|---|---|---|---|
| 020 | |a 0-521-47719-0 | ||
| 082 | |a 198.9 |b CAM | ||
| 245 | 1 | 0 | |a Cambridge companion to Kierkegaard |
| 260 | |a Cambridge |b CUP |c 1998 | ||
| 300 | |a xi,428p. | ||
| 500 | |a Includes index and bibliography. | ||
| 650 | |a Denmark- Philosophy | ||
| 650 | 0 | |a Western philosophy | |
| 650 | 0 | |a Philosophy | |
| 942 | |c BK | ||
| 999 | |c 3234 |d 3234 | ||
| 952 | |0 0 |1 0 |4 0 |6 198_900000000000000_CAM |7 0 |9 3385 |a KUCL |b KUCL |d 2014-05-23 |l 0 |o 198.9 CAM |p 06364 |r 2014-05-23 |y BK | ||